00771nam a2200205 i 450000100060000000300090000600500170001500700030003200800410003510000530007624501360012925000300026526000350029530000260033070000280035670000230038485200210040799900170042895201200044565214ES-MaACL20250819063044.0t|040109s1924 fr ||||1| fre d0 aFrazer, James George, cSir, d1854-194195240013aLe folklore dans l'ancien testament / cJames George Frazer ; traduction par E. Andrá ; avec une introduction par René Dussand. aEd. abregée avec notes. aParis : bP. Geuthuer, c1924. aVI, 447 p. ; c25 cm.1 aDussand, René.9463441 aAndrá, E.921503 aES-MaACLjA-2487 c65214d65214 00104070aATENEOMbATENEOMcSPP1d2008-01-17eSCl0oA-2487p1068324r2023-02-23 00:00:00w2023-02-23yMONOGRAFIA